000 00377nam a22001577a 4500
999 _c9229
_d9229
003 OSt
008 201119b ||||| |||| 00| 0 eng d
020 _a9788131792117
100 _aFeynman, Richard
245 _aFeynman lectures on Physics Vol-1
250 _a18th Ed.
260 _aDelhi
_bPearson
_c2020
300 _aMisc
650 _aB.Sc. Non Medical
942 _2ddc
_cBK